000 01019nam a22003257a 4500
003 CHAP
005 20220329134154.0
008 971013s1974 r 00010 d
010 _a16510
011 _a17482
035 _a21565
040 _cCHAP
082 _a339.2
_bH6
100 0 0 _aHorwich, George
_eed.
_956402
245 _aTrade, stability, and macroeconomics
260 _aNew York :
_bAcademic Press,
_c1974
300 _a558 p.
_b: ilus.
490 _aEconomic theory and mathematical economics
590 _aBATCH-UPD
_b10
_c20130110
_lUCH01
_h1823
590 _aBATCH-UPD
_b10
_c20130410
_lUCH01
_h1157
590 _aBATCH-UPD
_b10
_c20130914
_lUCH01
_h1012
590 _aCONVERSION
_b10
_c20130109
_lUCH01
_h1310
650 1 4 _aComercio.
_925557
650 1 4 _aMacroeconomía.
_969550
700 0 _aMetzler, Lloyd A.
_eed.
_975260
830 0 _aEconomic theory and mathematical economics
_935210
901 _aBK
942 _cLIBRO
949 _a339.2 H6
_bBC
_cLIBRO
_d33724000385522
_eLIBRO
_h35450
_i21565
_si
999 _c16510
_d16510